<?xml version="1.0" encoding="UTF-8"?>
<record
    xmlns:xsi="http://www.w3.org/2001/XMLSchema-instance"
    xsi:schemaLocation="http://www.loc.gov/MARC21/slim http://www.loc.gov/standards/marcxml/schema/MARC21slim.xsd"
    xmlns="http://www.loc.gov/MARC21/slim">

  <leader>00946naa a22001817i 4500</leader>
  <controlfield tag="001">8650</controlfield>
  <controlfield tag="003">KOSZ 005</controlfield>
  <controlfield tag="005">20180405091740.0</controlfield>
  <controlfield tag="008">160308s2009    au  ||||| ||||0|| ||eng </controlfield>
  <datafield tag="040" ind1=" " ind2=" ">
    <subfield code="c">KOSZ 005</subfield>
    <subfield code="d">KOSZ 005/EG</subfield>
  </datafield>
  <datafield tag="041" ind1="0" ind2=" ">
    <subfield code="a">eng</subfield>
  </datafield>
  <datafield tag="100" ind1="1" ind2=" ">
    <subfield code="a">KATZER, Jacek.</subfield>
    <subfield code="d">1999 - 2012.</subfield>
    <subfield code="b">Politechnika Koszali&#x144;ska - Wydzia&#x142; Budownictwa i In&#x17C;ynierii &#x15A;rodowiska,</subfield>
    <subfield code="c">Katedra Budownictwa i Materia&#x142;&#xF3;w Budowlanych</subfield>
  </datafield>
  <datafield tag="245" ind1="1" ind2="0">
    <subfield code="a">Statistical modeling of SFRCC subjected to a drop-weight test /</subfield>
    <subfield code="c">Jacek Katzer, Janusz Kobaka.</subfield>
  </datafield>
  <datafield tag="700" ind1="1" ind2=" ">
    <subfield code="a">KOBAKA, Janusz.</subfield>
    <subfield code="d">2004 - .</subfield>
    <subfield code="b">Politechnika Koszali&#x144;ska - Wydzia&#x142; Budownictwa i In&#x17C;ynierii &#x15A;rodowiska,</subfield>
    <subfield code="c">Laboratorium Techniki Budowlanej</subfield>
  </datafield>
  <datafield tag="711" ind1="2" ind2="2">
    <subfield code="a">Innovative Concrete Technology in Practice</subfield>
    <subfield code="n">(5 ;</subfield>
    <subfield code="d">2009 ;</subfield>
    <subfield code="c">Baden).</subfield>
  </datafield>
  <datafield tag="773" ind1="0" ind2=" ">
    <subfield code="i">W :</subfield>
    <subfield code="t">The 5th Central European Congress on Concrete Engineering &#x201C;Innovative Concrete Technology in Practice&#x201D;. </subfield>
    <subfield code="d">Baden, 2009. -</subfield>
    <subfield code="g">s. 298-301</subfield>
  </datafield>
  <datafield tag="942" ind1=" " ind2=" ">
    <subfield code="c">ROZ</subfield>
    <subfield code="2">UKD</subfield>
  </datafield>
  <datafield tag="999" ind1=" " ind2=" ">
    <subfield code="c">8650</subfield>
    <subfield code="d">8650</subfield>
  </datafield>
</record>
